Idioms about beverages - Statistics

General Stats
  • This quiz has been taken 158 times
  • The average score is 7 of 16
Answer Stats
Hint Answer % Correct
There's no use worrying about it now Don't cry over spilt {milk}
98%
Make the most of it When life gives you lemons, make {lemonade}
94%
Become aware of the realities of a situation, however unpleasant Wake up and smell the {coffee}
84%
There is nothing at all that could induce one to do something Not for all the {tea} in China
83%
A quiet or placid manner may conceal a passionate nature Still {water} runs deep
83%
A pirate's life is a life for me Yo-ho-ho and a bottle of {rum}
68%
It's better than yours, damn right My {milkshake} brings all the boys to the yard
48%
Granger Smith quote If I saved all the money I spent on {beer}, I'd spend it on {beer}
43%
If you're not into yoga, if you have half a brain Yes, I like {Piña Coladas} and getting caught in the rain
35%
A person who espouses socialist ideals while enjoying a wealthy and luxurious lifestyle You're such a {champagne} socialist
32%
Aristophanes quote "Quickly, bring me a beaker of {wine} so I may wet my mind and say something clever"
28%
Chinese proverb Every book must be chewed to get out its {juice}
18%
Swallow up the propaganda Keep drinking the {Kool-Aid}, sheeple
18%
Zeitgeist {Spirit} of the age
8%
Proverbs 25:20 Like vinegar on {soda}, is he who sings songs to a troubled heart
3%
Benjamin Franklin quote "Never praise your {cider} or horse"
2%
No matching quizzes found
Score Distribution
Percent of People with Each Score
Percentile by Number Answered
Your Score History
You have not taken this quiz